[Event "35th Zalakaros Open 2016"]
[Site "Zalakaros HUN"]
[Date "2016.06.02"]
[Round "7.3"]
[White "Aryan, Chopra"]
[Black "Berkes, Ferenc"]
[Result "1/2-1/2"]
[WhiteTitle "IM"]
[BlackTitle "GM"]
[WhiteElo "2459"]
[BlackElo "2636"]
[WhiteFideId "5084423"]
[BlackFideId "718572"]
[EventDate "2016.05.27"]

1. e4 d6 2. d4 Nf6 3. Bd3 e5 4. c3 Nc6 5. Nf3 g6 6. O-O Bg7 7. Re1 O-O 8. h3 h6
9. Nbd2 Re8 10. a4 Nh5 11. Nb3 a6 12. a5 Qf6 13. Bf1 Nf4 14. d5 Ne7 15. Kh2 g5
16. g3 Nxh3 17. Bxh3 g4 18. Bg2 gxf3 19. Bxf3 c6 20. c4 cxd5 21. cxd5 Bd7 22.
Kg2 Rec8 23. Nd2 Rc7 24. Nf1 Rac8 25. Nh2 Qg6 26. Bh5 Qh7 1/2-1/2

[Event "35th Zalakaros Open 2016"]
[Site "Zalakaros HUN"]
[Date "2016.06.02"]
[Round "7.5"]
[White "Banusz, Tamas"]
[Black "Puranik, Abhimanyu"]
[Result "1/2-1/2"]
[WhiteTitle "GM"]
[BlackTitle "IM"]
[WhiteElo "2621"]
[BlackElo "2452"]
[WhiteFideId "722413"]
[BlackFideId "5061245"]
[EventDate "2016.05.27"]

1. d4 Nf6 2. c4 g6 3. g3 Bg7 4. Bg2 d5 5. cxd5 Nxd5 6. e4 Nb6 7. Ne2 c5 8. d5
O-O 9. O-O e6 10. Nec3 Na6 11. a4 Nc4 12. Nd2 exd5 13. exd5 Ne5 14. Nde4 Bg4 15.
f3 Bd7 16. Bf4 c4 17. Qd2 Nd3 18. Be3 Bf5 19. b3 Bxe4 20. fxe4 Ndc5 21. bxc4 Nb3
22. Qc2 Nxa1 23. Rxa1 Rc8 24. Bf1 Qe7 25. Rd1 Qa3 26. Bd2 Rfe8 27. Be1 Nc5 28.
Nb5 Qe3+ 29. Bf2 Qxe4 30. Qxe4 Nxe4 31. Bxa7 Red8 32. Bb6 Rd7 33. c5 Bf8 34. d6
Rxc5 35. Bxc5 Nxc5 36. Rd4 Rd8 37. Bg2 b6 38. Bc6 f5 39. d7 Kf7 40. Kg2 Ke7 41.
Nd6 Ke6 42. Nc8 Nxd7 43. Nxb6 Bc5 44. Bxd7+ Kf6 45. Rc4 Bxb6 46. Rc6+ Kg5 47.
Rxb6 Rxd7 48. Rb2 Ra7 49. Ra2 f4 50. a5 fxg3 51. Kxg3 Ra6 52. Ra4 h5 53. Ra1 Kf5
54. h4 1/2-1/2

[Event "35th Zalakaros Open 2016"]
[Site "Zalakaros HUN"]
[Date "2016.06.02"]
[Round "7.6"]
[White "Papp, Gabor1"]
[Black "Svane, Rasmus"]
[Result "1/2-1/2"]
[WhiteTitle "GM"]
[BlackTitle "IM"]
[WhiteElo "2596"]
[BlackElo "2526"]
[WhiteFideId "718602"]
[BlackFideId "4657101"]
[EventDate "2016.05.27"]

1. Nf3 d5 2. g3 g6 3. Bg2 Bg7 4. d4 Nd7 5. O-O Ngf6 6. Nbd2 O-O 7. c4 c5 8. cxd5
Nxd5 9. e4 N5b6 10. d5 e6 11. dxe6 fxe6 12. Qc2 Qe7 13. Nb3 c4 14. Nbd4 e5 15.
Nb5 Nc5 16. Bg5 Qd7 17. Na3 Qd3 18. Be7 Rxf3 19. Bxc5 Qxc2 20. Nxc2 Rd3 21. Be3
Be6 22. Rfc1 Bf8 23. Bf1 c3 24. b3 Rd7 25. Rd1 Rc7 26. f3 Bc5 27. Kf2 Kf7 28.
Rac1 a5 29. Bxc5 Rxc5 30. Ne1 Rc6 31. Bb5 Rc5 32. Be2 Rc6 33. Rd3 Rac8 34. f4
Nd7 35. Nf3 Ke7 36. Ke3 Rc5 37. Ng5 Nf6 38. Bf1 Bd7 39. h3 Bb5 40. Rdd1 c2 41.
Re1 Bxf1 42. Rxf1 h6 43. fxe5 Nh5 44. Nh7 Rd8 45. Nf6 Rc3+ 46. Kf2 Nxf6 47.
exf6+ Kxf6 48. Kg2+ Ke5 49. Rf2 Rdd3 50. Rfxc2 Rxg3+ 51. Kf2 Rxc2+ 52. Rxc2 Rxh3
53. Rc5+ Kxe4 54. Rxa5 g5 55. Rb5 Rh2+ 56. Kg3 Rxa2 57. Rxb7 h5 58. Rb4+ Ke3 59.
Rb5 h4+ 60. Kh3 Kf4 61. Rb4+ Kf5 62. Rb5+ Kg6 63. Rb8 Rd2 64. Rg8+ Kf6 65. Rf8+
Kg7 66. Rc8 Rd4 67. Rb8 Kg6 68. Rg8+ Kf6 69. Rf8+ Ke5 70. Re8+ Kf4 71. Rf8+ Ke3
72. Rf5 g4+ 73. Kxh4 Rf4 74. Rc5 Rb4 75. Kg3 1/2-1/2

[Event "35th Zalakaros Open 2016"]
[Site "Zalakaros HUN"]
[Date "2016.06.02"]
[Round "7.8"]
[White "Kravtsiv, Martyn"]
[Black "Korpa, Bence"]
[Result "1/2-1/2"]
[WhiteTitle "GM"]
[BlackTitle "IM"]
[WhiteElo "2641"]
[BlackElo "2461"]
[WhiteFideId "14113147"]
[BlackFideId "706671"]
[EventDate "2016.05.27"]

1. e4 c5 2. Nf3 Nc6 3. d4 cxd4 4. Nxd4 e6 5. Nc3 Qc7 6. Be3 Nf6 7. f4 Bb4 8. Nb5
Qa5 9. e5 Nd5 10. Bd2 Nxc3 11. bxc3 Bc5 12. c4 Qd8 13. Bd3 O-O 14. Qh5 g6 15.
Qh6 f5 16. h4 Qe7 17. Nd6 Nd8 18. h5 Nf7 19. Nxf7 Qxf7 20. O-O-O Qg7 21. hxg6
hxg6 22. Rh3 Qxh6 23. Rxh6 Kf7 24. Rh7+ Ke8 25. Rg7 b6 26. Rh1 Bb7 27. Rhh7 Bc6
28. Be2 Rc8 29. Kb2 Ba4 30. Rxg6 Kd8 31. Be1 Rc7 32. Bf3 Kc8 33. Rhg7 Kb8 34.
Bh4 Rfc8 35. Rg8 Rxg8 36. Rxg8+ Rc8 37. Rg7 Kc7 38. Kc3 Bc6 39. Bxc6 Kxc6 40.
Bf6 Rf8 41. Kd3 Rc8 42. Ke2 Re8 43. Rh7 Rg8 44. Kf3 Bd4 45. Rh1 Bc5 46. Rd1 Rg6
47. Bh4 Rh6 48. Bg3 Rh7 49. Rb1 Bd4 50. c3 Bc5 51. Rd1 1/2-1/2

[Event "35th Zalakaros Open 2016"]
[Site "Zalakaros HUN"]
[Date "2016.06.02"]
[Round "7.9"]
[White "Perunovic, Milos"]
[Black "Costachi, Mihnea"]
[Result "1/2-1/2"]
[WhiteTitle "GM"]
[BlackTitle "FM"]
[WhiteElo "2639"]
[BlackElo "2397"]
[WhiteFideId "921629"]
[BlackFideId "1217518"]
[EventDate "2016.05.27"]

1. e4 e5 2. Nf3 Nf6 3. Nc3 Nc6 4. Bb5 Nd4 5. Bc4 Bc5 6. d3 d6 7. Na4 Qe7 8. Nxc5
dxc5 9. Nxd4 cxd4 10. O-O Be6 11. Bb3 Nd7 12. f4 O-O-O 13. fxe5 Nxe5 14. Bf4 Ng6
15. Bg3 Qg5 16. Qf3 Rhf8 17. h3 a6 18. Rf2 Bxb3 19. axb3 f6 20. Kh2 Rfe8 21. Qd1
Ne7 22. b4 Qg6 23. Qd2 f5 24. Qf4 Qb6 25. exf5 Nd5 26. Qg4 Rd7 27. Re2 Ne3 28.
Qh5 Rde7 29. Rf2 Qxb4 30. b3 h6 31. Ra4 Qe1 32. Qf3 Rf8 33. Rxd4 Rxf5 34. Rf4 g6
35. Rxf5 Nxf5 36. Bf4 Kb8 37. Rf1 Qe2 38. c3 Kc8 39. d4 Qxf3 40. Rxf3 Re2 41.
Be5 1/2-1/2

[Event "35th Zalakaros Open 2016"]
[Site "Zalakaros HUN"]
[Date "2016.06.02"]
[Round "7.10"]
[White "Miron, Lucian-Costin"]
[Black "Medvegy, Zoltan"]
[Result "0-1"]
[WhiteTitle "IM"]
[BlackTitle "GM"]
[WhiteElo "2524"]
[BlackElo "2553"]
[WhiteFideId "1210920"]
[BlackFideId "708402"]
[EventDate "2016.05.27"]

1. d4 Nf6 2. c4 e6 3. Nc3 Bb4 4. Qc2 O-O 5. e4 d5 6. e5 Ne4 7. Bd3 c5 8. Ne2
cxd4 9. Nxd4 Nd7 10. Bf4 Qh4 11. g3 Qh3 12. O-O-O Bxc3 13. bxc3 Nb6 14. Bf1 Qh5
15. Be2 Qh3 16. Bf1 Qh5 17. h4 f5 18. exf6 e5 19. fxg7 Rxf4 20. gxf4 exd4 21.
Rxd4 Qf3 22. Rh3 Bxh3 0-1

[Event "35th Zalakaros Open 2016"]
[Site "Zalakaros HUN"]
[Date "2016.06.02"]
[Round "7.11"]
[White "Mihok, Oliver"]
[Black "Szabo, Gergely-Andras-Gyula"]
[Result "1/2-1/2"]
[WhiteTitle "GM"]
[BlackTitle "GM"]
[WhiteElo "2498"]
[BlackElo "2548"]
[WhiteFideId "728012"]
[BlackFideId "1205064"]
[EventDate "2016.05.27"]

1. e4 c5 2. Nf3 Nc6 3. d4 cxd4 4. Nxd4 Nf6 5. Nc3 d6 6. Bg5 e6 7. Qd2 a6 8.
O-O-O Bd7 9. f3 Be7 10. h4 h6 11. Be3 h5 12. Bg5 Qc7 13. Kb1 Ne5 14. f4 Neg4 15.
g3 b5 16. a3 Rb8 17. Bg2 a5 18. Rhe1 b4 19. axb4 Rxb4 20. e5 dxe5 21. fxe5 Nxe5
22. Rxe5 Qxe5 23. Nc6 Bxc6 24. Bxc6+ Kf8 25. Qd8+ Bxd8 26. Rxd8+ Ke7 27. Rd7+
Kf8 1/2-1/2

[Event "35th Zalakaros Open 2016"]
[Site "Zalakaros HUN"]
[Date "2016.06.02"]
[Round "7.12"]
[White "Horvath, Jozsef1"]
[Black "Deac, Bogdan-Daniel"]
[Result "0-1"]
[WhiteTitle "GM"]
[BlackTitle "IM"]
[WhiteElo "2528"]
[BlackElo "2501"]
[WhiteFideId "700061"]
[BlackFideId "1226380"]
[EventDate "2016.05.27"]

1. d4 Nf6 2. c4 e6 3. Nf3 d5 4. Bg5 h6 5. Bxf6 Qxf6 6. Qb3 Qd8 7. Nbd2 g6 8. g3
Bg7 9. Bg2 O-O 10. O-O c6 11. e4 dxe4 12. Nxe4 Nd7 13. Rad1 Nf6 14. Nxf6+ Bxf6
15. Qe3 Bg7 16. Ne5 Qb6 17. Rd2 Qc7 18. Rfd1 Re8 19. h4 c5 20. f4 cxd4 21. Qxd4
a5 22. Qd6 Qxd6 23. Rxd6 Bf6 24. Kf1 Ra7 25. Ke2 Be7 26. R6d3 a4 27. a3 Kg7 28.
Bf3 Ra5 29. R1d2 Rc5 30. Kd1 Bf6 31. Nd7 Rxc4 32. Nb6 Rc7 33. Re3 e5 34. Nxc8
Rcxc8 35. fxe5 Rxe5 36. Rxe5 Bxe5 37. g4 b5 38. Bd5 Rb8 39. Rc2 b4 40. Rf2 0-1

[Event "35th Zalakaros Open 2016"]
[Site "Zalakaros HUN"]
[Date "2016.06.02"]
[Round "7.13"]
[White "Ben Artzi, Ido"]
[Black "Romanov, Evgeny"]
[Result "0-1"]
[WhiteTitle "IM"]
[BlackTitle "GM"]
[WhiteElo "2399"]
[BlackElo "2641"]
[WhiteFideId "2810913"]
[BlackFideId "4148843"]
[EventDate "2016.05.27"]

1. d4 Nf6 2. c4 e6 3. Nc3 Bb4 4. e3 O-O 5. Bd3 d5 6. Nf3 c5 7. O-O dxc4 8. Bxc4
Nc6 9. a3 Bxc3 10. bxc3 Qc7 11. Qe2 e5 12. h3 Bf5 13. Bb2 Rad8 14. Bb5 e4 15.
Bxc6 Qxc6 16. Ne5 Qc7 17. Qb5 b6 18. c4 Ne8 19. dxc5 bxc5 20. Qc6 Qe7 21. Rfd1
Rb8 22. Rab1 Rb6 23. Qa4 Qb7 24. Qc2 f6 25. Ng4 Nd6 26. Ba1 Be6 27. Rxb6 Qxb6
28. Rb1 Qa6 29. Rd1 Qc6 30. Nh2 Nxc4 31. Qc3 Qa4 32. Rc1 Rd8 33. Nf1 Rd1 34. Kh2
Rd3 35. Qc2 Qxc2 36. Rxc2 Rd1 0-1

[Event "35th Zalakaros Open 2016"]
[Site "Zalakaros HUN"]
[Date "2016.06.02"]
[Round "7.14"]
[White "Andersen, Mads"]
[Black "Vertetics, Attila"]
[Result "1/2-1/2"]
[WhiteTitle "GM"]
[BlackTitle "IM"]
[WhiteElo "2505"]
[BlackElo "2425"]
[WhiteFideId "1413864"]
[BlackFideId "723720"]
[EventDate "2016.05.27"]

1. d4 Nf6 2. c4 e6 3. Nf3 Bb4+ 4. Nbd2 b6 5. a3 Bxd2+ 6. Qxd2 Bb7 7. e3 O-O 8.
Be2 d6 9. O-O a5 10. b3 Nbd7 11. Bb2 Qe7 12. Rfd1 Ne4 13. Qc2 f5 14. d5 e5 15.
Nd2 Nxd2 16. Rxd2 Qg5 17. Rf1 f4 18. exf4 Qxf4 19. g3 Qh6 20. Bg4 Nc5 21. Re2
Qg5 22. h3 Bc8 23. f4 Qh6 24. b4 axb4 25. axb4 Bxg4 26. hxg4 Nd7 27. Rh2 Qg6 28.
Qxg6 hxg6 29. fxe5 Rxf1+ 30. Kxf1 Nxe5 31. Bxe5 dxe5 32. Re2 Ra4 33. Rxe5 Rxb4
34. Re8+ Kf7 35. Rc8 Rxc4 36. d6 Ke6 37. dxc7 Kd6 38. Rd8+ Kxc7 39. Rg8 Rc6 40.
Rxg7+ Kc8 41. Ke2 Rd6 42. Re7 b5 43. Re5 Rb6 44. Kd3 b4 45. Kc2 b3+ 46. Kb2 Kd7
47. Re3 Kd6 48. Rxb3 Rxb3+ 49. Kxb3 Kd5 50. Kc3 Ke4 51. Kd2 Kf3 52. g5 Kxg3 53.
Ke3 Kg4 54. Kf2 Kf5 55. Kg2 Kxg5 56. Kg3 1/2-1/2

[Event "35th Zalakaros Open 2016"]
[Site "Zalakaros HUN"]
[Date "2016.06.02"]
[Round "7.15"]
[White "Narayanan, Srinath"]
[Black "Dragnev, Valentin"]
[Result "0-1"]
[WhiteTitle "IM"]
[BlackTitle "IM"]
[WhiteElo "2469"]
[BlackElo "2423"]
[WhiteFideId "5018420"]
[BlackFideId "1634852"]
[EventDate "2016.05.27"]

1. e4 e5 2. Nf3 Nc6 3. Bb5 a6 4. Ba4 Nf6 5. O-O Be7 6. d3 b5 7. Bb3 d6 8. a3 Na5
9. Ba2 c5 10. Ng5 c4 11. f4 Ng4 12. Nh3 d5 13. Nc3 dxe4 14. Nxe4 f5 15. Nhf2 Qb6
16. Kh1 h5 17. fxe5 fxe4 18. Nxe4 Bb7 19. Qe1 Bxe4 20. Qxe4 O-O-O 21. h3 Kb8 22.
Bf4 Nf2+ 23. Rxf2 Qxf2 24. Be3 Qxc2 25. Qg6 Qxd3 26. Qb6+ Nb7 27. Bb1 Qf1+ 28.
Kh2 Bc5 29. Bxc5 Qf4+ 30. Kh1 Rd1+ 31. Bg1 Rh6 32. e6 Rxg1+ 33. Qxg1 Rxe6 34.
Bc2 Qe5 35. Rd1 Qxb2 36. Bf5 Rd6 37. Re1 Qd4 38. Qh2 Ka7 39. Qg3 h4 40. Qg5 Qf2
41. Qe3+ Qxe3 42. Rxe3 g6 43. Bc2 a5 44. g3 g5 45. Re5 b4 46. axb4 axb4 47. Rb5
Rd2 48. Ba4 hxg3 49. Rxb4 Nd6 50. Kg1 Ka6 51. Rb1 Ka5 52. Bd1 c3 53. Rc1 Kb4 54.
Bc2 Nb5 55. Be4 Nd4 56. Rb1+ Kc5 57. Rb8 c2 58. Rc8+ Kd6 0-1

[Event "35th Zalakaros Open 2016"]
[Site "Zalakaros HUN"]
[Date "2016.06.02"]
[Round "7.16"]
[White "Karavade, Eesha"]
[Black "Czebe, Attila"]
[Result "1/2-1/2"]
[WhiteTitle "IM"]
[BlackTitle "GM"]
[WhiteElo "2409"]
[BlackElo "2454"]
[WhiteFideId "5012600"]
[BlackFideId "705268"]
[EventDate "2016.05.27"]

1. d4 d6 2. e4 Nf6 3. Nc3 e5 4. Nf3 Nbd7 5. Bc4 h6 6. O-O c6 7. a4 a5 8. h3 Qc7
9. Be3 Be7 10. Qe2 Nf8 11. dxe5 dxe5 12. Nh4 Be6 13. Nf5 Bxf5 14. exf5 N8d7 15.
Rad1 O-O 16. Rfe1 Rad8 17. Bb3 Bb4 18. Qc4 e4 19. Bd4 Kh7 20. Re3 Qf4 21. Ne2
Qxf5 22. Ng3 Qg6 23. c3 Bd6 24. Bc2 Bxg3 25. Rxg3 Qf5 26. Re1 Ne5 27. Bxe5 Qxe5
28. Bxe4+ Nxe4 29. Rxe4 Rd1+ 30. Kh2 Qd6 31. Re2 Kg8 32. Qg4 g6 33. Re6 Qxe6 34.
Qxd1 Qf6 35. Rf3 Rd8 36. Qc1 Qe5+ 37. Qf4 Qxf4+ 38. Rxf4 Rd3 39. f3 f5 40. Rc4
Rd5 41. b4 Kf7 42. bxa5 c5 43. g4 Kf6 44. Kg3 Ke5 45. gxf5 gxf5 46. Kf2 Kf6 47.
Kg3 Kg5 48. Rf4 Rd6 49. Rc4 Rc6 50. h4+ Kf6 51. Kf4 Ke6 52. Ke3 Ke5 53. h5 Rc8
54. a6 bxa6 55. a5 Rc7 56. Kd3 Rd7+ 57. Ke3 Rd5 58. Ra4 Rd1 59. Rc4 f4+ 60. Ke2
Rd5 61. Re4+ Kf5 62. Rc4 Re5+ 63. Kf2 Kg5 64. Kg2 Rf5 65. Kh3 Re5 66. Kg2 Rd5
67. Kf2 Rf5 68. Kg2 Kxh5 69. Re4 Kh4 70. c4 Rf6 71. Kh2 h5 72. Kg2 Rf8 73. Kh2
Rf7 74. Kg2 Rf6 75. Kh2 Rd6 76. Rxf4+ Kg5 77. Re4 Kf5 78. Rh4 Kg5 79. Re4 Kf5
80. Rh4 Kg6 81. Re4 Rd4 82. Re6+ Kf5 83. Rxa6 Rxc4 84. Rh6 Kg5 85. Rc6 Kh4 86.
a6 Rc2+ 87. Kg1 Kg3 88. Rg6+ Kxf3 89. a7 Ra2 90. Rc6 Kg3 91. Rg6+ Kh3 92. Rg5 h4
93. Rxc5 Ra1+ 94. Kf2 Rxa7 95. Rg5 Ra2+ 96. Kf1 Kh2 97. Rg8 h3 98. Rf8 Rg2 99.
Rf3 Rg6 100. Kf2 Ra6 101. Kf1 Ra1+ 102. Kf2 Rb1 103. Re3 1/2-1/2

[Event "35th Zalakaros Open 2016"]
[Site "Zalakaros HUN"]
[Date "2016.06.02"]
[Round "7.17"]
[White "Gazik, Viktor"]
[Black "Meszaros, Tamas"]
[Result "1-0"]
[WhiteTitle "FM"]
[BlackTitle "IM"]
[WhiteElo "2433"]
[BlackElo "2409"]
[WhiteFideId "14928752"]
[BlackFideId "717410"]
[EventDate "2016.05.27"]

1. Nf3 Nf6 2. d4 e6 3. Nbd2 c5 4. c3 Nc6 5. e4 d5 6. Bd3 cxd4 7. cxd4 dxe4 8.
Nxe4 Be7 9. Be3 O-O 10. h4 h6 11. a3 e5 12. Nxf6+ Bxf6 13. d5 Ne7 14. Bc5 b6 15.
Bxe7 Bxe7 16. Nxe5 Bf6 17. Nc6 Qe8+ 18. Kf1 Bd7 19. Qf3 Bxc6 20. dxc6 Bxb2 21.
Re1 Qd8 22. h5 Re8 23. Rxe8+ Qxe8 24. Rh4 Rc8 25. Qf5 Rxc6 26. g3 Re6 27. Rc4
Qd8 28. Rc8 Qxc8 29. Qh7+ Kf8 30. Qh8+ Ke7 31. Qxc8 1-0

[Event "35th Zalakaros Open 2016"]
[Site "Zalakaros HUN"]
[Date "2016.06.02"]
[Round "7.18"]
[White "Hnydiuk, Aleksander"]
[Black "Lalic, Bogdan"]
[Result "1/2-1/2"]
[WhiteTitle "IM"]
[BlackTitle "GM"]
[WhiteElo "2381"]
[BlackElo "2431"]
[WhiteFideId "1109057"]
[BlackFideId "409081"]
[EventDate "2016.05.27"]

1. Nf3 Nf6 2. c4 g6 3. g3 Bg7 4. Bg2 O-O 5. d4 d6 6. Nc3 Nc6 7. O-O Rb8 8. Bf4
a6 9. Rc1 b5 10. Nd5 Na5 11. Nxf6+ Bxf6 12. c5 Bb7 13. b3 Be4 14. Qd2 b4 15. Bg5
Bxg5 16. Qxg5 Rb5 17. Qh6 Bxf3 18. Bxf3 d5 19. e3 Nc6 20. Be2 Ra5 21. Rc2 e6 22.
f4 Qe7 23. h4 f6 1/2-1/2

[Event "35th Zalakaros Open 2016"]
[Site "Zalakaros HUN"]
[Date "2016.06.02"]
[Round "7.19"]
[White "Nguyen, Thai Dai Van"]
[Black "Kozak, Adam"]
[Result "1/2-1/2"]
[WhiteTitle "FM"]
[BlackTitle "FM"]
[WhiteElo "2438"]
[BlackElo "2347"]
[WhiteFideId "358878"]
[BlackFideId "753246"]
[EventDate "2016.05.27"]

1. e4 e5 2. Nf3 Nc6 3. Nc3 Nf6 4. Bb5 Bd6 5. O-O a6 6. Bc4 O-O 7. d3 b5 8. Bb3
Bb7 9. Bg5 h6 10. Bh4 Be7 11. a3 d6 12. Re1 Re8 13. h3 Nd7 14. Bxe7 Nxe7 15. Nh2
Ng6 16. g3 Nf6 17. Ng4 Rf8 18. Nxf6+ Qxf6 19. Nd5 Bxd5 20. Bxd5 Rac8 21. a4 c6
22. Bb3 Ra8 23. Qg4 b4 24. a5 Ra7 25. Ra4 Rb8 26. h4 Nf8 27. Re3 Qg6 28. Qxg6
Nxg6 29. h5 Nf8 30. f4 exf4 31. gxf4 Ne6 32. Bxe6 fxe6 1/2-1/2

[Event "35th Zalakaros Open 2016"]
[Site "Zalakaros HUN"]
[Date "2016.06.02"]
[Round "7.20"]
[White "Efroimski, Marsel"]
[Black "Shyam, Sundar M."]
[Result "0-1"]
[WhiteTitle "WIM"]
[BlackTitle "GM"]
[WhiteElo "2268"]
[BlackElo "2530"]
[WhiteFideId "2810964"]
[BlackFideId "5019141"]
[EventDate "2016.05.27"]

1. e4 c5 2. Nf3 d6 3. d4 cxd4 4. Nxd4 Nf6 5. Nc3 a6 6. Be2 e5 7. Nb3 Be7 8. Bg5
Be6 9. Qd3 Nbd7 10. O-O-O Rc8 11. f4 h6 12. Bxf6 Nxf6 13. fxe5 dxe5 14. Nd5 O-O
15. Nxf6+ Bxf6 16. Qxd8 Bxd8 17. Kb1 Be7 18. Nd2 Rc5 19. Nf1 Rfc8 20. Bd3 g6 21.
Ne3 Bg5 22. Rhe1 Rd8 23. Bf1 Rdc8 24. c3 h5 25. Rd6 R5c6 26. Rxc6 Rxc6 27. Kc2
f5 28. Bd3 Bxe3 29. Rxe3 f4 30. Re1 g5 31. Rd1 g4 32. Be2 h4 33. Rd8+ Kg7 34.
Rb8 Bc8 35. b4 g3 36. hxg3 fxg3 37. Bf3 Rf6 38. Rxc8 Rxf3 39. Rc7+ Rf7 40. Rc5
h3 41. Rxe5 h2 42. Rg5+ Kf6 43. Rh5 Kg6 44. Rh3 Rh7 45. Rxg3+ Kf6 0-1

[Event "35th Zalakaros Open 2016"]
[Site "Zalakaros HUN"]
[Date "2016.06.02"]
[Round "7.21"]
[White "Farago, Ivan"]
[Black "Erdos, Viktor"]
[Result "1/2-1/2"]
[WhiteTitle "GM"]
[BlackTitle "GM"]
[WhiteElo "2391"]
[BlackElo "2577"]
[WhiteFideId "700134"]
[BlackFideId "719978"]
[EventDate "2016.05.27"]

1. d4 d5 2. c4 c6 3. Nf3 Nf6 4. Nc3 e6 5. e3 Nbd7 6. Qc2 Be7 7. b3 b6 8. Bd3 Bb7
9. Bb2 Rc8 10. Qe2 Qc7 11. O-O O-O 12. Rac1 Rfe8 13. Rfd1 Qb8 14. e4 dxe4 15.
Nxe4 c5 16. Ne5 Nxe5 17. dxe5 Nxe4 18. Bxe4 Red8 19. Bxb7 Qxb7 20. f3 Bg5 21.
Rb1 h5 22. Kf1 h4 23. Rxd8+ Rxd8 24. Rd1 Qe7 25. g3 Bh6 26. Rd3 Qg5 27. Kg2 Rxd3
28. Qxd3 g6 29. Kf2 Kg7 30. Kg2 Kh7 31. Kf2 Bg7 32. Qe3 Qf5 33. Qe4 hxg3+ 34.
Kxg3 Qg5+ 35. Kf2 Bh6 36. Qe2 Qf5 37. Qe4 Qg5 38. Qe2 Qh5 39. Kg3 Qg5+ 1/2-1/2

[Event "35th Zalakaros Open 2016"]
[Site "Zalakaros HUN"]
[Date "2016.06.02"]
[Round "7.23"]
[White "Nitin, S."]
[Black "Nemeth, Miklos1"]
[Result "1/2-1/2"]
[WhiteTitle "IM"]
[BlackTitle "IM"]
[WhiteElo "2377"]
[BlackElo "2482"]
[WhiteFideId "5018277"]
[BlackFideId "720232"]
[EventDate "2016.05.27"]

1. e4 e5 2. Nf3 Nc6 3. Nc3 Nf6 4. Bb5 Bb4 5. O-O O-O 6. d3 d6 7. Ne2 Ne7 8. c3
Ba5 9. Ng3 Ng6 10. d4 c6 11. Bd3 Re8 12. h3 h6 13. Be3 d5 14. dxe5 Nxe4 15. Nxe4
dxe4 16. Bxe4 Qxd1 17. Raxd1 Nxe5 18. Nxe5 Rxe5 19. Bc2 Be6 20. Bb3 Bxb3 21.
axb3 Re7 22. Ra1 Bc7 23. Rfd1 b6 24. Kf1 c5 25. b4 cxb4 26. cxb4 Rd8 27. Rxd8+
Bxd8 28. Rd1 Bc7 29. b5 Kf8 30. Rd5 Re5 31. Rd7 Re7 32. Rd5 Re5 1/2-1/2

[Event "35th Zalakaros Open 2016"]
[Site "Zalakaros HUN"]
[Date "2016.06.02"]
[Round "7.24"]
[White "Sundararajan, Kidambi"]
[Black "Thakur, Akash"]
[Result "1-0"]
[WhiteTitle "GM"]
[BlackTitle "FM"]
[WhiteElo "2469"]
[BlackElo "2345"]
[WhiteFideId "5005370"]
[BlackFideId "5008514"]
[EventDate "2016.05.27"]

1. Nf3 d5 2. b3 Nc6 3. Bb2 Bg4 4. d4 Bxf3 5. exf3 e6 6. f4 g6 7. Nd2 Qf6 8. g3
Nxd4 9. Rb1 O-O-O 10. Bg2 Bg7 11. Nf3 c5 12. b4 e5 13. bxc5 Nxf3+ 14. Qxf3 Qe7
15. fxe5 f6 16. c4 Qxc5 17. O-O fxe5 18. cxd5 Kb8 19. d6 1-0

[Event "35th Zalakaros Open 2016"]
[Site "Zalakaros HUN"]
[Date "2016.06.02"]
[Round "7.25"]
[White "Romanishin, Oleg M"]
[Black "Nihal, Sarin"]
[Result "1-0"]
[WhiteTitle "GM"]
[BlackTitle "FM"]
[WhiteElo "2464"]
[BlackElo "2349"]
[WhiteFideId "14100088"]
[BlackFideId "25092340"]
[EventDate "2016.05.27"]

1. d4 Nf6 2. Nf3 g6 3. g3 Bg7 4. Bg2 O-O 5. O-O d6 6. a4 Na6 7. Nc3 c5 8. h3 Bf5
9. g4 Bd7 10. e4 cxd4 11. Nxd4 Ne8 12. Be3 Nec7 13. f4 e5 14. fxe5 dxe5 15. Nb3
Ne6 16. Nd5 Bc6 17. Qd2 Nf4 18. a5 Nxg2 19. Qxg2 Nc7 20. Rad1 Nxd5 21. exd5 Bb5
22. Rf2 Bc4 23. d6 Bxb3 24. cxb3 Qd7 25. b4 f5 26. Rc2 Rac8 27. Bxa7 Kh8 28.
Rxc8 Rxc8 29. Bc5 e4 30. Kh1 Re8 31. Be3 Be5 32. Rd5 Bg7 33. b5 Qf7 34. Rd1 f4
35. d7 Rd8 36. Bb6 Rxd7 37. Rxd7 Qxd7 38. Qxe4 Qxb5 39. Qxf4 Qd5+ 40. Kg1 h6 41.
b4 Kh7 42. Bc5 Qd1+ 43. Kg2 Qd5+ 44. Kf2 Qa2+ 45. Kf3 Qb3+ 46. Qe3 Qf7+ 47. Ke2
Qa2+ 48. Qd2 Qe6+ 49. Kf2 Qe4 50. Qe3 Qc2+ 51. Kg3 Qc4 52. Qf3 Be5+ 53. Kg2 Qc2+
54. Bf2 Qc7 55. b5 Qxa5 56. Qxb7+ Bg7 57. b6 Qd2 58. Qe4 Qd6 59. b7 Be5 60. h4
Kg7 61. h5 gxh5 62. gxh5 Kg8 63. Qg6+ Qxg6+ 64. hxg6 Kg7 65. Bg3 1-0

[Event "35th Zalakaros Open 2016"]
[Site "Zalakaros HUN"]
[Date "2016.06.02"]
[Round "7.26"]
[White "Tompa, Janos"]
[Black "Smith, Bryan G"]
[Result "0-1"]
[WhiteTitle "IM"]
[BlackTitle "GM"]
[WhiteElo "2384"]
[BlackElo "2453"]
[WhiteFideId "700193"]
[BlackFideId "2017083"]
[EventDate "2016.05.27"]

1. Nf3 d6 2. d4 f5 3. c4 g6 4. g3 Bg7 5. Bg2 Nf6 6. Nc3 O-O 7. O-O Qe8 8. d5 Na6
9. Nd4 Bd7 10. Rb1 c6 11. b4 Rc8 12. dxc6 bxc6 13. Nc2 Qf7 14. Qd3 Be6 15. Ne3
f4 16. gxf4 Nh5 17. c5 Nxc5 18. bxc5 Nxf4 19. Qc2 Bxc3 20. Bb2 Bxb2 21. Rxb2 d5
22. Qc3 Rb8 23. Rd2 a5 24. Bf3 Bh3 25. Rfd1 Rb4 26. Kh1 Qf6 27. Qxf6 Rxf6 28.
Ng4 Bxg4 29. Bxg4 e5 30. e3 Nd3 31. Rxd3 Rxg4 32. R1d2 Rc4 0-1

[Event "35th Zalakaros Open 2016"]
[Site "Zalakaros HUN"]
[Date "2016.06.02"]
[Round "7.27"]
[White "Tesik, Csaba"]
[Black "Nguyen, Piotr"]
[Result "0-1"]
[WhiteTitle "FM"]
[BlackTitle "IM"]
[WhiteElo "2333"]
[BlackElo "2446"]
[WhiteFideId "735582"]
[BlackFideId "1127993"]
[EventDate "2016.05.27"]

1. e4 e6 2. d4 d5 3. Nd2 Nf6 4. e5 Nfd7 5. f4 c5 6. c3 Nc6 7. Ndf3 Qb6 8. g3
cxd4 9. cxd4 Be7 10. Kf2 g5 11. fxg5 Ndxe5 12. Kg2 Ng6 13. h4 Bd7 14. h5 Nf8 15.
Ne2 O-O-O 16. Nc3 h6 17. Bf4 hxg5 18. Na4 Qa5 19. Nxg5 Be8 20. a3 Bd6 21. Bxd6
Rxd6 22. b4 Qd8 23. Nf3 Kb8 24. Bd3 f5 25. h6 Qf6 26. Qd2 Ng6 27. b5 Nd8 28.
Rae1 Rd7 29. Nc5 Rdh7 30. Ng5 Re7 31. Nf3 Nf7 32. Rh5 Nd6 33. Qg5 Qxg5 34. Rxg5
Ne4 35. Bxe4 dxe4 36. Ne5 Nxe5 37. dxe5 Bxb5 38. Rh1 Rc7 39. Nxe6 Rc2+ 40. Kg1
Rc1+ 41. Kg2 Rxh1 42. Kxh1 Rxh6+ 0-1